000 00467nam a2200145Ia 4500
008 151213s9999 xx 000 0 und d
100 _aআবিদ আজাদ।
245 _aখুচরো কবিতা।
_cআবিদ আজাদ।
260 _aঢাকা
_bশিল্পতরু প্রকাশনী।
_c1990
300 _a4436 p.
650 _aBangla
650 _aকবিতা
700 _aআবিদ আজাদ।
999 _c2811
_d2811